| 000 | 00775nam a22002297a 4500 | ||
|---|---|---|---|
| 003 | UA-OsUOA | ||
| 001 | 78862 | ||
| 007 | ta | ||
| 008 | 20111024b un ||||| |||| 00| 0 ukr d | ||
| 090 |
_a72/76(031) _bП58 |
||
| 942 | _cBK | ||
| 040 |
_aUA-OsUOA _brus _cUA-OsUOA _dUA-OsUOA |
||
| 245 |
_aПопулярная художественная энциклопедия: Архитектура. Живопись. Скульптура. Графика. Декоративное искусство _cгл. ред. В.М.Полевой |
||
| 300 | _a447 с. | ||
| 955 | _a4 | ||
| 041 | _arus | ||
| 080 | _a72/76(031) | ||
| 260 |
_aМ. _bСов. энциклопедия _c1986 |
||
| 246 | 3 | 1 |
_aкнига 1 _nА - М |
| 650 | 7 |
_a72 Архітектура _2UDC |
|
| 999 |
_c365181 _d365181 |
||